| 000 | 00685nam a22002057a 4500 | ||
|---|---|---|---|
| 005 | 20141013122702.0 | ||
| 010 | _aENG-110949 | ||
| 020 |
_a9780198099291 _c995.00 |
||
| 020 |
_a0198099290 _c995.00 |
||
| 035 | _aEN-94481 | ||
| 037 | _bDBAD/PUB | ||
| 082 | _a959.57004914 | ||
| 100 | _aRai, Rajesh | ||
| 245 |
_aIndians in Singapore, 1819-1945 : _cby Rajesh Rai _bdiaspora in the colonial port city / |
||
| 260 |
_aNew Delhi _bOxford University Press _c2014 |
||
| 270 |
_aYMCA Library Building, 1 Jai Singh _bNew Delhi _e110020 |
||
| 300 |
_axxix,325p. _c22cm(Hb) |
||
| 500 | _aIncludes bibliographical references and index | ||
| 942 |
_2ddc _cEN _mRAI _h959.57004914 |
||
| 999 |
_c88975 _d88975 |
||